Internationale Regeln für die chemische Nomenklatur und Terminologie Deutsche Ausgabe Band 2
Gespeichert in:
| Format: | Buch |
|---|---|
| Sprache: | Deutsch |
| Veröffentlicht: |
Weinheim
Verlag-Chemie
1978
|
| Schriftenreihe: | Deutscher Zentralausschuss für Chemie
|
| Schlagworte: | |
| Online-Zugang: | Im OPAC anzeigen |
| Tags: |
Keine Tags, Fügen Sie das erste Tag hinzu!
|
MARC
| LEADER | 00000nam a2200000 a 4500 | ||
|---|---|---|---|
| 005 | 20260127134405.0 | ||
| 008 | 090603 1978 gw 000 0 ger d | ||
| 035 | |a vtls009520942 | ||
| 039 | 9 | |y 200906031016 |z mschk03 | |
| 040 | |a STUSCHK1 |b slo |c STUSCHK1 |e AACR2 | ||
| 080 | |a 541.41 | ||
| 245 | 1 | |a Internationale Regeln für die chemische Nomenklatur und Terminologie |n Band 2 |b Deutsche Ausgabe | |
| 260 | |a Weinheim |b Verlag-Chemie |c 1978 | ||
| 300 | |a nepr.str. |b il. |c 24,5 cm | ||
| 490 | 0 | |a Deutscher Zentralausschuss für Chemie | |
| 650 | 0 | |a naturstoffe | |
| 910 | |a SCHK95 | ||
| 999 | |c 11602 |d 11602 | ||